WWE - Undertaker Wrestlemania Streak - Statistics

General Stats
  • This quiz has been taken 140 times
  • The average score is 18 of 27
Answer Stats
Hint Answer % Correct
WrestleMania XXX (21-1) Brock Lesnar
94%
WrestleMania-X-Seven (9-0) Triple H
94%
WrestleMania XXVII (19-0) Triple H
94%
WrestleMania XXVIII (20-0) Triple H
94%
WrestleMania 25 (17-0) Shawn Michaels
93%
WrestleMania XXVI (18-0) Shawn Michaels
93%
WrestleMania 34 (24-2) John Cena
92%
WrestleMania 33 (23-2) Roman Reigns
89%
WrestleMania XIV (7-0) Kane
85%
WrestleMania XX (12-0) Kane
85%
WrestleMania 29 (21-0) Cm Punk
80%
WrestleMania (25-2) Aj Styles
78%
WrestleMania 31 (22-1) Bray Wyatt
77%
WrestleMania 21 (13-0) Randy Orton
77%
WrestleMania XXIV (16-0) Edge
75%
WrestleMania 23 (14-0) Batista
66%
WrestleMania IX (3-0) Giant Gonzalez
63%
WrestleMania 22 (14-0) Mark Henry
56%
WrestleMania XVII (1-0) Jimmy Snuka
54%
WrestleMania 32 (23-1) Shane MacMahon
53%
WrestleMania X8 (10-0) Ric Flair
45%
WrestleMania XVIII (2-0) Jake Roberts
44%
WrestleMania XI (4-0) King Kong Bundy
43%
WrestleMania XII (5-0) Diesel
36%
WrestleMania XV (8-0) Big Boss Man
33%
WrestleMania 13 (6-0) Sycho Sid
25%
WrestleMania XIX (11-0) A-Train & Big Show
17%
No matching quizzes found
Score Distribution
Percent of People with Each Score
Percentile by Number Answered
Your Score History
You have not taken this quiz